ポケモンのわざ - Statistics

General Stats
  • This quiz has been taken 24 times
  • The average score is 248 of 848
Answer Stats
わざ名 タイプ ぶんるい % Correct
10まんボルト でんき 特殊
100%
なみのり みず 特殊
93%
たいあたり ノーマル 物理
86%
かえんほうしゃ ほのお 特殊
86%
はかいこうせん ノーマル 特殊
86%
かみなり でんき 特殊
86%
じしん じめん 物理
86%
じわれ じめん 物理
86%
どくどく どく 変化
86%
まもる ノーマル 変化
86%
あまごい みず 変化
86%
アクアジェット みず 物理
86%
つるぎのまい ノーマル 変化
79%
いあいぎり ノーマル 物理
79%
つばさでうつ ひこう 物理
79%
そらをとぶ ひこう 物理
79%
ひのこ ほのお 特殊
79%
みずでっぽう みず 特殊
79%
ハイドロポンプ みず 特殊
79%
やどりぎのタネ くさ 変化
79%
ねんりき エスパー 特殊
79%
サイコキネシス エスパー 特殊
79%
たきのぼり みず 物理
79%
はねる ノーマル 変化
79%
にほんばれ ほのお 変化
79%
ぜったいれいど こおり 特殊
79%
てっぺき はがね 変化
79%
ドラゴンクロー ドラゴン 物理
79%
リーフブレード くさ 物理
79%
ハサミギロチン ノーマル 物理
71%
ずつき ノーマル 物理
71%
かいりき ノーマル 物理
71%
はっぱカッター くさ 物理
71%
あなをほる じめん 物理
71%
じこさいせい ノーマル 変化
71%
だいもんじ ほのお 特殊
71%
あわ みず 特殊
71%
ねむる エスパー 変化
71%
のろい ゴースト 変化
71%
シャドーボール ゴースト 特殊
71%
ダイビング みず 物理
71%
ハイドロカノン みず 特殊
71%
オーバーヒート ほのお 特殊
71%
インファイト かくとう 物理
71%
はどうだん かくとう 特殊
71%
むしのさざめき むし 特殊
71%
ストーンエッジ いわ 物理
71%
くさむすび くさ 特殊
71%
みずのちかい みず 特殊
71%
ほのおのちかい ほのお 特殊
71%
くさのちかい くさ 特殊
71%
ほのおのパンチ ほのお 物理
64%
とっしん ノーマル 物理
64%
かみつく あく 物理
64%
れいとうビーム こおり 特殊
64%
ふぶき こおり 特殊
64%
ほのおのうず ほのお 特殊
64%
いわおとし いわ 物理
64%
へんしん ノーマル 変化
64%
フラッシュ ノーマル 変化
64%
いわなだれ いわ 物理
64%
スケッチ ノーマル 変化
64%
げきりん ドラゴン 物理
64%
ころがる いわ 物理
64%
りゅうのいぶき ドラゴン 特殊
64%
かみくだく あく 物理
64%
トリック エスパー 変化
64%
どくびし どく 変化
64%
あくのはどう あく 特殊
64%
りゅうのはどう ドラゴン 特殊
64%
こおりのキバ こおり 物理
64%
トリックルーム エスパー 変化
64%
りゅうせいぐん ドラゴン 特殊
64%
リーフストーム くさ 特殊
64%
ステルスロック いわ 変化
64%
あくうせつだん ドラゴン 特殊
64%
シャドーダイブ ゴースト 物理
64%
サイコショック エスパー 特殊
64%
エレキボール でんき 特殊
64%
じならし じめん 物理
64%
エレキネット でんき 特殊
64%
みずしゅりけん みず 特殊
64%
このは くさ 物理
64%
からてチョップ かくとう 物理
57%
かみなりパンチ でんき 物理
57%
すてみタックル ノーマル 物理
57%
しっぽをふる ノーマル 変化
57%
ほえる ノーマル 変化
57%
しろいきり こおり 変化
57%
ソーラービーム くさ 特殊
57%
しびれごな くさ 変化
57%
ねむりごな くさ 変化
57%
でんきショック でんき 特殊
57%
でんじは でんき 変化
57%
でんこうせっか ノーマル 物理
57%
かたくなる ノーマル 変化
57%
くろいきり こおり 変化
57%
リフレクター エスパー 変化
57%
ゆびをふる ノーマル 変化
57%
とびひざげり かくとう 物理
57%
だいばくはつ ノーマル 物理
57%
みがわり ノーマル 変化
57%
まきびし じめん 変化
57%
アンコール ノーマル 変化
57%
アイアンテール はがね 物理
57%
しんそく ノーマル 物理
57%
あられ こおり 変化
57%
ボルテッカー でんき 物理
57%
とんぼがえり むし 物理
57%
ギガインパクト ノーマル 物理
57%
こおりのつぶて こおり 物理
57%
ほのおのキバ ほのお 物理
57%
かげうち ゴースト 物理
57%
ときのほうこう ドラゴン 特殊
57%
ダークホール あく 変化
57%
ドラゴンテール ドラゴン 物理
57%
せいなるつるぎ かくとう 物理
57%
ぼうふう ひこう 特殊
57%
じゃれつく フェアリー 物理
57%
ムーンフォース フェアリー 特殊
57%
ばくおんぱ ノーマル 特殊
57%
マジカルシャイン フェアリー 特殊
57%
こんげんのはどう みず 特殊
57%
だんがいのつるぎ じめん 物理
57%
はたく ノーマル 物理
50%
れいとうパンチ こおり 物理
50%
ふきとばし ノーマル 変化
50%
つるのムチ くさ 物理
50%
ふみつけ ノーマル 物理
50%
つのドリル ノーマル 物理
50%
にらみつける ノーマル 変化
50%
なきごえ ノーマル 変化
50%
どくのこな どく 変化
50%
ひかりのかべ エスパー 変化
50%
じばく ノーマル 物理
50%
したでなめる ゴースト 物理
50%
トライアタック ノーマル 特殊
50%
みきり かくとう 変化
50%
ねごと ノーマル 変化
50%
せいなるほのお ほのお 物理
50%
マグニチュード じめん 物理
50%
バトンタッチ ノーマル 変化
50%
こうごうせい くさ 変化
50%
いわくだき かくとう 物理
50%
うずしお みず 特殊
50%
ねこだまし ノーマル 物理
50%
ねっぷう ほのお 特殊
50%
おにび ほのお 変化
50%
ふんか ほのお 特殊
50%
ハイパーボイス ノーマル 特殊
50%
ビルドアップ かくとう 変化
50%
めいそう エスパー 変化
50%
エアスラッシュ ひこう 特殊
50%
エナジーボール くさ 特殊
50%
かみなりのキバ でんき 物理
50%
ふんえん ほのお 特殊
50%
アイアンヘッド はがね 物理
50%
さばきのつぶて ノーマル 特殊
50%
マグマストーム ほのお 特殊
50%
ヘドロウェーブ どく 特殊
50%
ボルトチェンジ でんき 特殊
50%
つららおとし こおり 物理
50%
ゴーストダイブ ゴースト 物理
50%
キングシールド はがね 変化
50%
マジカルフレイム ほのお 特殊
50%
ほっぺすりすり でんき 物理
50%
ガリョウテンセイ ひこう 物理
50%
アクアブレイク みず 物理
50%
ひっかく ノーマル 物理
43%
すなかけ じめん 変化
43%
のしかかり ノーマル 物理
43%
ミサイルばり むし 物理
43%
ちょうおんぱ ノーマル 変化
43%
つつく ひこう 物理
43%
せいちょう ノーマル 変化
43%
いとをはく むし 変化
43%
さいみんじゅつ エスパー 変化
43%
いかり ノーマル 物理
43%
ドわすれ エスパー 変化
43%
タマゴうみ ノーマル 変化
43%
へびにらみ ノーマル 変化
43%
ゆめくい エスパー 特殊
43%
きりさく ノーマル 物理
43%
いびき ノーマル 特殊
43%
マッハパンチ かくとう 物理
43%
はらだいこ ノーマル 変化
43%
どろかけ じめん 特殊
43%
あまえる フェアリー 変化
43%
メロメロ ノーマル 変化
43%
つきのひかり フェアリー 変化
43%
はきだす ノーマル 特殊
43%
きあいパンチ かくとう 物理
43%
ちょうはつ あく 変化
43%
ねをはる くさ 変化
43%
ばかぢから かくとう 物理
43%
かわらわり かくとう 物理
43%
おどろかす ゴースト 物理
43%
タネマシンガン くさ 物理
43%
つばめがえし ひこう 物理
43%
ハードプラント くさ 特殊
43%
とびはねる ひこう 物理
43%
りゅうのまい ドラゴン 変化
43%
はねやすめ ひこう 変化
43%
おいかぜ ひこう 変化
43%
まねっこ ノーマル 変化
43%
アクアリング みず 変化
43%
どくづき どく 物理
43%
しねんのずつき エスパー 物理
43%
ラスターカノン はがね 特殊
43%
ダストシュート どく 物理
43%
みずびたし みず 変化
43%
ローキック かくとう 物理
43%
からをやぶる ノーマル 変化
43%
ヒートスタンプ ほのお 物理
43%
サイコブレイク エスパー 特殊
43%
クロスフレイム ほのお 特殊
43%
ハロウィン ゴースト 変化
43%
ドレインキッス フェアリー 特殊
43%
グラスフィールド くさ 変化
43%
ニードルガード くさ 変化
43%
ジオコントロール フェアリー 変化
43%
エレキフィールド でんき 変化
43%
サイコフィールド エスパー 変化
43%
オーロラベール こおり 変化
43%
ねらいうち みず 特殊
43%
スケイルショット ドラゴン 物理
43%
すいりゅうれんだ みず 物理
43%
くさわけ くさ 物理
43%
Vジェネレート ほのお 物理
43%
おうふくビンタ ノーマル 物理
36%
ネコにこばん ノーマル 物理
36%
はさむ ノーマル 物理
36%
かぜおこし ひこう 特殊
36%
つのでつく ノーマル 物理
36%
まきつく ノーマル 物理
36%
どくばり どく 物理
36%
はなびらのまい くさ 特殊
36%
こうそくいどう エスパー 変化
36%
ものまね ノーマル 変化
36%
かげぶんしん ノーマル 変化
36%
あやしいひかり ゴースト 変化
36%
からにこもる みず 変化
36%
まるくなる ノーマル 変化
36%
スピードスター ノーマル 特殊
36%
からみつく ノーマル 物理
36%
スプーンまげ エスパー 変化
36%
きゅうけつ むし 物理
36%
キノコのほうし くさ 変化
36%
どろぼう あく 物理
36%
こなゆき こおり 特殊
36%
てんしのキッス フェアリー 変化
36%
ヘドロばくだん どく 特殊
36%
でんじほう でんき 特殊
36%
みちづれ ゴースト 変化
36%
こごえるかぜ こおり 特殊
36%
すなあらし いわ 変化
36%
ギガドレイン くさ 特殊
36%
はがねのつばさ はがね 物理
36%
メガホーン むし 物理
36%
あまいかおり ノーマル 変化
36%
めざめるパワー ノーマル 特殊
36%
たくわえる ノーマル 変化
36%
のみこむ ノーマル 変化
36%
いちゃもん あく 変化
36%
このゆびとまれ ノーマル 変化
36%
てだすけ ノーマル 変化
36%
リサイクル ノーマル 変化
36%
あくび ノーマル 変化
36%
ミストボール エスパー 特殊
36%
フェザーダンス ひこう 変化
36%
どくどくのキバ どく 物理
36%
ブラストバーン ほのお 特殊
36%
がんせきふうじ いわ 物理
36%
しおふき みず 特殊
36%
シグナルビーム むし 特殊
36%
だくりゅう みず 特殊
36%
マジカルリーフ くさ 特殊
36%
みずのはどう みず 特殊
36%
なげつける あく 物理
36%
ふいうち あく 物理
36%
シザークロス むし 物理
36%
ドラゴンダイブ ドラゴン 物理
36%
きあいだま かくとう 特殊
36%
だいちのちから じめん 特殊
36%
ロッククライム ノーマル 物理
36%
ほうでん でんき 特殊
36%
ウッドハンマー くさ 物理
36%
テレキネシス エスパー 変化
36%
うちおとす いわ 物理
36%
ちょうのまい むし 変化
36%
ヘビーボンバー はがね 物理
36%
ニトロチャージ ほのお 物理
36%
イカサマ あく 物理
36%
いやしのはどう エスパー 変化
36%
フリーフォール ひこう 物理
36%
こごえるせかい こおり 特殊
36%
あおいほのお ほのお 特殊
36%
クロスサンダー でんき 物理
36%
フライングプレス かくとう 物理
36%
ねばねばネット むし 変化
36%
ミストフィールド フェアリー 変化
36%
つぶらなひとみ フェアリー 変化
36%
デスウイング ひこう 特殊
36%
サウザンアロー じめん 物理
36%
であいがしら むし 物理
36%
かげぬい ゴースト 物理
36%
うたかたのアリア みず 特殊
36%
コアパニッシャー ドラゴン 特殊
36%
ぶんまわす あく 物理
36%
サイコファング エスパー 物理
36%
ボディプレス かくとう 物理
36%
かえんボール ほのお 物理
36%
きょじゅうざん はがね 物理
36%
ムゲンダイビーム ドラゴン 特殊
36%
てっていこうせん はがね 特殊
36%
トリプルアクセル こおり 物理
36%
いっちょうあがり ドラゴン 物理
36%
しおづけ いわ 物理
36%
ゴールドラッシュ はがね 特殊
36%
カタストロフィ あく 特殊
36%
エレクトロビーム でんき 特殊
36%
DDラリアット あく 物理
36%
かまいたち ノーマル 特殊
29%
にどげり かくとう 物理
29%
とびげり かくとう 物理
29%
あばれる ノーマル 物理
29%
かなしばり ノーマル 変化
29%
ようかいえき どく 特殊
29%
サイケこうせん エスパー 特殊
29%
オーロラビーム こおり 特殊
29%
けたぐり かくとう 物理
29%
すいとる くさ 特殊
29%
メガドレイン くさ 特殊
29%
テレポート エスパー 変化
29%
ちいさくなる ノーマル 変化
29%
きあいだめ ノーマル 変化
29%
がまん ノーマル 物理
29%
どくガス どく 変化
29%
あくまのキッス ノーマル 変化
29%
とける どく 変化
29%
みだれひっかき ノーマル 物理
29%
いかりのまえば ノーマル 物理
29%
ほろびのうた ノーマル 変化
29%
ボーンラッシュ じめん 物理
29%
こらえる ノーマル 変化
29%
いばる ノーマル 変化
29%
ミルクのみ ノーマル 変化
29%
スパーク でんき 物理
29%
プレゼント ノーマル 物理
29%
おいうち あく 物理
29%
たつまき ドラゴン 特殊
29%
ふくろだたき あく 物理
29%
さわぐ ノーマル 特殊
29%
はたきおとす あく 物理
29%
スキルスワップ エスパー 変化
29%
ひみつのちから ノーマル 物理
29%
ラスターパージ エスパー 特殊
29%
ブレイズキック ほのお 物理
29%
どろあそび じめん 変化
29%
アイスボール こおり 物理
29%
コメットパンチ はがね 物理
29%
ウェザーボール ノーマル 特殊
29%
うそなき あく 変化
29%
エアカッター ひこう 特殊
29%
シャドーパンチ ゴースト 物理
29%
つららばり こおり 物理
29%
とおぼえ ノーマル 変化
29%
マッドショット じめん 特殊
29%
ポイズンテール どく 物理
29%
みずあそび みず 変化
29%
ロックブラスト いわ 物理
29%
はめつのねがい はがね 特殊
29%
アームハンマー かくとう 物理
29%
フレアドライブ ほのお 物理
29%
アクアテール みず 物理
29%
しんくうは かくとう 特殊
29%
わるだくみ あく 変化
29%
バレットパンチ はがね 物理
29%
ゆきなだれ こおり 物理
29%
シャドークロー ゴースト 物理
29%
マグネットボム はがね 物理
29%
こうげきしれい むし 物理
29%
ぼうぎょしれい むし 変化
29%
もろはのずつき いわ 物理
29%
みかづきのまい エスパー 変化
29%
にぎりつぶす ノーマル 物理
29%
はじけるほのお ほのお 特殊
29%
おさきにどうぞ ノーマル 変化
29%
エコーボイス ノーマル 特殊
29%
ねっとう みず 特殊
29%
ギアソーサー はがね 物理
29%
らいげき でんき 物理
29%
ほのおのまい ほのお 特殊
29%
ゲップ どく 特殊
29%
パラボラチャージ でんき 特殊
29%
もりののろい くさ 変化
29%
ようせいのかぜ フェアリー 特殊
29%
かいでんぱ でんき 変化
29%
おいわい ノーマル 変化
29%
グロウパンチ かくとう 物理
29%
サウザンウェーブ じめん 物理
29%
はめつのひかり フェアリー 特殊
29%
かふんだんご むし 特殊
29%
スマートホーン はがね 物理
29%
じだんだ じめん 物理
29%
しぜんのいかり フェアリー 特殊
29%
ダブルパンツァー はがね 物理
29%
ダイマックスほう ドラゴン 特殊
29%
ドラゴンアロー ドラゴン 物理
29%
エラがみ みず 物理
29%
きょじゅうだん はがね 物理
29%
ダブルウイング ひこう 物理
29%
あんこくきょうだ あく 物理
29%
テラバースト ノーマル 特殊
29%
さいきのいのり ノーマル 変化
29%
トリックフラワー くさ 物理
29%
アクアステップ みず 物理
29%
イナズマドライブ でんき 特殊
29%
むねんのつるぎ ほのお 物理
29%
テラクラスター ノーマル 特殊
29%
ドラゴンエール ドラゴン 変化
29%
メガトンパンチ ノーマル 物理
21%
しめつける ノーマル 物理
21%
たたきつける ノーマル 物理
21%
メガトンキック ノーマル 物理
21%
うたう ノーマル 変化
21%
バブルこうせん みず 特殊
21%
りゅうのいかり ドラゴン 特殊
21%
いやなおと ノーマル 変化
21%
オウムがえし ひこう 変化
21%
ゴッドバード ひこう 物理
21%
サイコウェーブ エスパー 特殊
21%
ホネブーメラン じめん 物理
21%
ひっさつまえば ノーマル 物理
21%
テクスチャー ノーマル 変化
21%
わるあがき ノーマル 物理
21%
かえんぐるま ほのお 物理
21%
エアロブラスト ひこう 特殊
21%
きしかいせい かくとう 物理
21%
うらみ ゴースト 変化
21%
こわいかお ノーマル 変化
21%
みやぶる ノーマル 変化
21%
みねうち ノーマル 物理
21%
れんぞくぎり むし 物理
21%
おんがえし ノーマル 物理
21%
しんぴのまもり ノーマル 変化
21%
ばくれつパンチ かくとう 物理
21%
こうそくスピン ノーマル 物理
21%
ミラーコート エスパー 特殊
21%
げんしのちから いわ 特殊
21%
みらいよち エスパー 特殊
21%
おだてる あく 変化
21%
おきみやげ あく 変化
21%
じゅうでん でんき 変化
21%
ねがいごと ノーマル 変化
21%
がむしゃら ノーマル 物理
21%
ふういん エスパー 変化
21%
つっぱり かくとう 物理
21%
フラフラダンス ノーマル 変化
21%
ブレイククロー ノーマル 物理
21%
かぎわける ノーマル 変化
21%
ぎんいろのかぜ むし 特殊
21%
じんつうりき エスパー 特殊
21%
スカイアッパー かくとう 物理
21%
とおせんぼう ノーマル 変化
21%
でんげきは でんき 特殊
21%
サイコブースト エスパー 特殊
21%
めざましビンタ かくとう 物理
21%
ジャイロボール はがね 物理
21%
フェイント ノーマル 物理
21%
ついばむ ひこう 物理
21%
いえき どく 変化
21%
なやみのタネ くさ 変化
21%
でんじふゆう でんき 変化
21%
はっけい かくとう 物理
21%
つじぎり あく 物理
21%
タネばくだん くさ 物理
21%
ブレイブバード ひこう 物理
21%
パワーウィップ くさ 物理
21%
がんせきほう いわ 物理
21%
チャージビーム でんき 特殊
21%
かいふくしれい むし 変化
21%
ダブルアタック ノーマル 物理
21%
シードフレア くさ 特殊
21%
つめとぎ あく 変化
21%
ワイドガード いわ 変化
21%
ガードシェア エスパー 変化
21%
ワンダールーム エスパー 変化
21%
ベノムショック どく 特殊
21%
マジックルーム エスパー 変化
21%
アシッドボム どく 特殊
21%
シンプルビーム ノーマル 変化
21%
なかまづくり ノーマル 変化
21%
りんしょう ノーマル 特殊
21%
アシストパワー エスパー 特殊
21%
ギアチェンジ はがね 変化
21%
やきつくす ほのお 特殊
21%
アクロバット ひこう 物理
21%
かたきうち ノーマル 物理
21%
ワイルドボルト でんき 物理
21%
ドリルライナー じめん 物理
21%
シェルブレード みず 物理
21%
かえんだん ほのお 特殊
21%
テクノバスター ノーマル 特殊
21%
フリーズボルト こおり 物理
21%
コールドフレア こおり 特殊
21%
たがやす じめん 変化
21%
フリーズドライ こおり 特殊
21%
すてゼリフ あく 変化
21%
ひっくりかえす あく 変化
21%
なかよくする ノーマル 変化
21%
ダイヤストーム いわ 物理
21%
ハッピータイム ノーマル 変化
21%
グランドフォース じめん 物理
21%
トーチカ どく 変化
21%
とびかかる むし 物理
21%
もえつきる ほのお 特殊
21%
スケイルノイズ ドラゴン 特殊
21%
アクセルロック いわ 物理
21%
シャドースチール ゴースト 物理
21%
メテオドライブ はがね 物理
21%
シャドーレイ ゴースト 特殊
21%
びりびりちくちく でんき 物理
21%
プラズマフィスト でんき 物理
21%
くらいつく あく 物理
21%
タールショット いわ 変化
21%
ソウルビート ドラゴン 変化
21%
ドラムアタック くさ 物理
21%
ブロッキング あく 変化
21%
スターアサルト かくとう 物理
21%
メテオビーム いわ 特殊
21%
ミストバースト フェアリー 特殊
21%
ポルターガイスト ゴースト 物理
21%
クイックターン みず 物理
21%
ドラゴンエナジー ドラゴン 特殊
21%
フェイタルクロー どく 物理
21%
がんせきアックス いわ 物理
21%
どくばりセンボン どく 物理
21%
たてこもる はがね 変化
21%
アイススピナー こおり 物理
21%
ドゲザン あく 物理
21%
フレアソング ほのお 特殊
21%
アクセルブレイク かくとう 物理
21%
さむいギャグ こおり 変化
21%
ハイパードリル ノーマル 物理
21%
アーマーキャノン ほのお 特殊
21%
アクアカッター みず 物理
21%
ブラッドムーン ノーマル 特殊
21%
きまぐレーザー ドラゴン 特殊
21%
かえんのまもり ほのお 変化
21%
タキオンカッター はがね 特殊
21%
みわくのボイス フェアリー 特殊
21%
はやてがえし かくとう 物理
21%
じゃどくのくさり どく 特殊
21%
テクスチャー2 ノーマル 変化
21%
ダブルニードル むし 物理
14%
ソニックブーム ノーマル 特殊
14%
ドリルくちばし ひこう 物理
14%
じごくぐるま かくとう 物理
14%
カウンター かくとう 物理
14%
えんまく ノーマル 変化
14%
かくばる ノーマル 変化
14%
じたばた ノーマル 物理
14%
だましうち あく 物理
14%
オクタンほう みず 特殊
14%
ロックオン ノーマル 変化
14%
くろいまなざし ノーマル 変化
14%
いやしのすず ノーマル 変化
14%
やつあたり ノーマル 物理
14%
メタルクロー はがね 物理
14%
あてみなげ かくとう 物理
14%
クロスチョップ かくとう 物理
14%
からげんき ノーマル 物理
14%
ねこのて ノーマル 変化
14%
よこどり あく 変化
14%
アロマセラピー くさ 変化
14%
くさぶえ くさ 変化
14%
くすぐる ノーマル 変化
14%
じゅうりょく エスパー 変化
14%
いやしのねがい エスパー 変化
14%
しおみず みず 特殊
14%
つぼをつく ノーマル 変化
14%
さしおさえ あく 変化
14%
かいふくふうじ エスパー 変化
14%
ガードスワップ エスパー 変化
14%
ロックカット いわ 変化
14%
ドレインパンチ かくとう 物理
14%
すりかえ あく 変化
14%
どろばくだん じめん 特殊
14%
サイコカッター エスパー 物理
14%
クロスポイズン どく 物理
14%
むしくい むし 物理
14%
あやしいかぜ ゴースト 特殊
14%
パワーシェア エスパー 変化
14%
いかりのこな むし 変化
14%
やまあらし かくとう 物理
14%
とぐろをまく どく 変化
14%
クリアスモッグ どく 特殊
14%
サイドチェンジ エスパー 変化
14%
れんごく ほのお 特殊
14%
むしのていこう むし 特殊
14%
こおりのいぶき こおり 特殊
14%
ふるいたてる ノーマル 変化
14%
ダブルチョップ ドラゴン 物理
14%
ウッドホーン くさ 物理
14%
コットンガード くさ 変化
14%
いにしえのうた ノーマル 特殊
14%
しんぴのつるぎ かくとう 特殊
14%
たたみがえし かくとう 変化
14%
フェアリーロック フェアリー 変化
14%
スチームバースト みず 特殊
14%
いじげんホール エスパー 特殊
14%
まとわりつく むし 特殊
14%
いじげんラッシュ あく 物理
14%
ちからをすいとる くさ 変化
14%
ソーラーブレード くさ 物理
14%
どくのいと どく 変化
14%
じごくづき あく 物理
14%
アンカーショット はがね 物理
14%
ほのおのムチ ほのお 物理
14%
スピードスワップ エスパー 変化
14%
トロピカルキック くさ 物理
14%
くちばしキャノン ひこう 物理
14%
フルールカノン フェアリー 特殊
14%
シャドーボーン ゴースト 物理
14%
プリズムレーザー エスパー 特殊
14%
ビックリヘッド ほのお 特殊
14%
フォトンゲイザー エスパー 特殊
14%
はいすいのじん かくとう 変化
14%
おちゃかい ノーマル 変化
14%
たこがため かくとう 変化
14%
コートチェンジ ノーマル 変化
14%
デコレーション フェアリー 変化
14%
りんごさん くさ 特殊
14%
ソウルクラッシュ フェアリー 物理
14%
アイアンローラー はがね 物理
14%
グラススライダー くさ 物理
14%
だいちのはどう ノーマル 特殊
14%
しっとのほのお ほのお 特殊
14%
ねっさのだいち じめん 特殊
14%
ジャングルヒール くさ 変化
14%
サンダープリズン でんき 特殊
14%
いてつくしせん エスパー 特殊
14%
もえあがるいかり あく 特殊
14%
らいめいげり かくとう 物理
14%
ブリザードランス こおり 物理
14%
アストラルビット ゴースト 特殊
14%
ぶきみなじゅもん エスパー 特殊
14%
はるのあらし フェアリー 特殊
14%
だいふんげき ほのお 物理
14%
ウェーブタックル みず 物理
14%
クロロブラスト くさ 特殊
14%
ひょうざんおろし こおり 物理
14%
ぶちかまし じめん 物理
14%
オーラウイング エスパー 特殊
14%
うらみつらみ ゴースト 特殊
14%
ひけん・ちえなみ あく 物理
14%
こがらしあらし ひこう 特殊
14%
かみなりあらし でんき 特殊
14%
ねっさのあらし じめん 特殊
14%
みかづきのいのり エスパー 変化
14%
ブレイブチャージ エスパー 変化
14%
スレッドトラップ むし 変化
14%
おはかまいり ゴースト 物理
14%
ジェットパンチ みず 物理
14%
ネズミざん ノーマル 物理
14%
きょけんとつげき ドラゴン 物理
14%
キラースピン どく 物理
14%
サイコブレイド エスパー 物理
14%
ハイドロスチーム みず 特殊
14%
しっぽきり ノーマル 変化
14%
ゆきげしき こおり 変化
14%
ふんどのこぶし ゴースト 物理
14%
でんこうそうげき でんき 物理
14%
デカハンマー はがね 物理
14%
みずあめボム くさ 特殊
14%
ツタこんぼう くさ 物理
14%
じんらい でんき 特殊
14%
パワフルエッジ いわ 物理
14%
サンダーダイブ でんき 物理
14%
無に帰す光 ドラゴン 特殊
14%
10まんばりき じめん 物理
14%
Gのちから くさ 物理
14%
れんぞくパンチ ノーマル 物理
7%
まわしげり かくとう 物理
7%
ナイトヘッド ゴースト 特殊
7%
バリアー エスパー 変化
7%
スモッグ どく 特殊
7%
ホネこんぼう じめん 物理
7%
からではさむ みず 物理
7%
ロケットずつき ノーマル 物理
7%
とげキャノン ノーマル 物理
7%
たまなげ ノーマル 物理
7%
ピヨピヨパンチ ノーマル 物理
7%
クラブハンマー みず 物理
7%
トリプルキック かくとう 物理
7%
クモのす むし 変化
7%
こころのめ ノーマル 変化
7%
あくむ ゴースト 変化
7%
いたみわけ ノーマル 変化
7%
あさのひざし ノーマル 変化
7%
きつけ ノーマル 物理
7%
しぜんのちから ノーマル 変化
7%
なりきり エスパー 変化
7%
マジックコート エスパー 変化
7%
リベンジ かくとう 物理
7%
ほたるび むし 変化
7%
きんぞくおん はがね 変化
7%
コスモパワー エスパー 変化
7%
すなじごく じめん 物理
7%
ほしがる ノーマル 物理
7%
ミラクルアイ エスパー 変化
7%
しぜんのめぐみ ノーマル 物理
7%
メタルバースト はがね 物理
7%
しっぺがえし あく 物理
7%
ダメおし あく 物理
7%
しぼりとる ノーマル 特殊
7%
パワートリック エスパー 変化
7%
おまじない ノーマル 変化
7%
さきどり ノーマル 変化
7%
パワースワップ エスパー 変化
7%
おしおき あく 物理
7%
とっておき ノーマル 物理
7%
ハートスワップ エスパー 変化
7%
パワージェム いわ 特殊
7%
ミラーショット はがね 特殊
7%
きりばらい ひこう 変化
7%
ゆうわく ノーマル 変化
7%
おしゃべり ひこう 特殊
7%
ボディパージ はがね 変化
7%
ファストガード かくとう 変化
7%
たたりめ ゴースト 特殊
7%
いのちがけ かくとう 特殊
7%
ギフトパス ノーマル 変化
7%
ハートスタンプ エスパー 物理
7%
グラスミキサー くさ 特殊
7%
ハードローラー むし 物理
7%
スイープビンタ ノーマル 物理
7%
アフロブレイク ノーマル 物理
7%
バークアウト あく 特殊
7%
とどめばり むし 物理
7%
チャームボイス フェアリー 特殊
7%
そうでん でんき 変化
7%
ないしょばなし ノーマル 変化
7%
ベノムトラップ どく 変化
7%
ふんじん むし 変化
7%
じばそうさ でんき 変化
7%
すなあつめ じめん 変化
7%
アイスハンマー こおり 物理
7%
スポットライト ノーマル 変化
7%
つけあがる あく 物理
7%
じょうか どく 変化
7%
めざめるダンス ノーマル 特殊
7%
さいはい エスパー 変化
7%
ドラゴンハンマー ドラゴン 物理
7%
マルチアタック ノーマル 物理
7%
こちこちフロスト こおり 特殊
7%
ざぶざぶサーフ みず 特殊
7%
すくすくボンバー くさ 特殊
7%
どばどばオーラ エスパー 特殊
7%
ばちばちアクセル でんき 物理
7%
ふわふわフォール ひこう 物理
7%
めらめらバーン ほのお 物理
7%
わるわるゾーン あく 特殊
7%
まほうのこな エスパー 変化
7%
でんげきくちばし でんき 物理
7%
オーラぐるま でんき 物理
7%
えだづき くさ 物理
7%
オーバードライブ でんき 特殊
7%
いのちのしずく みず 変化
7%
シェルアームズ どく 特殊
7%
ライジングボルト でんき 特殊
7%
コーチング かくとう 変化
7%
バリアーラッシュ エスパー 物理
7%
しんぴのちから エスパー 特殊
7%
しょうりのまい かくとう 変化
7%
ひゃっきやこう ゴースト 特殊
7%
かかとおとし かくとう 物理
7%
ハバネロエキス くさ 変化
7%
ホイールスピン はがね 物理
7%
トリプルダイブ みず 物理
7%
うつしえ ノーマル 変化
7%
みをけずる ノーマル 変化
7%
レイジングブル ノーマル 物理
7%
おかたづけ ノーマル 変化
7%
とびつく むし 物理
7%
ひやみず みず 特殊
7%
ツインビーム エスパー 特殊
7%
ダークアクセル あく 物理
7%
ポイズンアクセル どく 物理
7%
ファイトアクセル かくとう 物理
7%
マジカルアクセル フェアリー 物理
7%
シャカシャカほう くさ 特殊
7%
やけっぱち ほのお 物理
7%
サイコノイズ エスパー 特殊
7%
3ぼんのや かくとう 物理
7%
みだれづき ノーマル 物理
0%
ちきゅうなげ かくとう 物理
0%
ヨガのポーズ エスパー 変化
0%
タマゴばくだん ノーマル 物理
0%
ヘドロこうげき どく 特殊
0%
わたほうし くさ 変化
0%
じこあんじ ノーマル 変化
0%
リフレッシュ ノーマル 変化
0%
おんねん ゴースト 変化
0%
ほごしょく ノーマル 変化
0%
ニードルアーム くさ 物理
0%
なまける ノーマル 変化
0%
サイコシフト エスパー 変化
0%
きりふだ ノーマル 特殊
0%
シンクロノイズ エスパー 特殊
0%
なしくずし ノーマル 物理
0%
ともえなげ かくとう 物理
0%
さきおくり あく 変化
0%
ミラータイプ ノーマル 変化
0%
ナイトバースト あく 特殊
0%
おたけび ノーマル 変化
0%
プラズマシャワー でんき 変化
0%
はなふぶき くさ 物理
0%
トリックガード フェアリー 変化
0%
フラワーガード フェアリー 変化
0%
アロマミスト フェアリー 変化
0%
てをつなぐ ノーマル 変化
0%
てかげん ノーマル 物理
0%
フラワーヒール フェアリー 変化
0%
とぎすます ノーマル 変化
0%
アシストギア はがね 変化
0%
トラップシェル ほのお 特殊
0%
なみだめ ノーマル 変化
0%
いきいきバブル みず 特殊
0%
きらきらストーム フェアリー 特殊
0%
ピカピカサンダー でんき 特殊
0%
びりびりエレキ でんき 特殊
0%
ブイブイブレイク ノーマル 物理
0%
ほおばる ノーマル 変化
0%
トラバサミ くさ 物理
0%
ワイドブレイカー ドラゴン 物理
0%
ワンダースチーム フェアリー 特殊
0%
どげざつき あく 物理
0%
ワイドフォース エスパー 特殊
0%
はいよるいちげき むし 物理
0%
うっぷんばらし あく 物理
0%
ふしょくガス どく 変化
0%
パワーシフト ノーマル 変化
0%
ルミナコリジョン エスパー 特殊
0%
ほうふく あく 物理
0%
バーンアクセル ほのお 物理
0%
ハードプレス はがね 物理
0%
No matching quizzes found
Score Distribution
Percent of People with Each Score
Percentile by Number Answered
Your Score History
You have not taken this quiz